| 000 | 01550nam a2200229Ia 4500 | ||
|---|---|---|---|
| 001 | b4654-30375 | ||
| 003 | IT-MiCISF | ||
| 005 | 20230306112841.0 | ||
| 008 | 161014s9999||||xx |||||||||||||| ||und|| | ||
| 040 |
_aIT-MiCISF _cIT-MiCISF |
||
| 041 | _ait | ||
| 100 |
_aGreer Germaine _959573 |
||
| 245 | 0 | _aLa donna intera | |
| 260 |
_a Milano, _bMondadori, _c2000 [Edizione originale: 1999] |
||
| 300 | _app. 383 | ||
| 500 | _a / donna, femminismo, corpo, disturbi-alimentazione, transessualità, maternità, procreazione-artificiale, aborto, lavoro-domestico, donna-lavoratrice, consumi, sessualità-femminile, matrimonio, rapporti-uomo-donna, abuso-sessuale, sessismo / | ||
| 520 | _a A trent'anni dalla pubblicazione dell'Eunuco femmina, considerato un vero manifesto del movimento femminista, l'A. ritorna con un libro che ne è la continuazione. A dispetto della diffusa convinzione che la questione femminile sia stata risolta, il movimento di liberazione, nato negli anni Sessanta, deve ancora realizzare molti dei suoi obiettivi. L'apparente miglioramento della situazione femminile e la sensazione di "aver ottenuto tutto" hanno occultato la perdurante realtà di discriminazione e sfruttamento in ogni settore: dalla salute al sesso, dal lavoro all'economia. Con stile appassionato e anche umoristico vengono trattati temi come: chirurgia plastica e anoressia, transessualità e mutilazione genitale, inseminazione artificiale e shopping. | ||
| 650 |
_a donna _e003 _956116 |
||
| 654 | _asaggio | ||
| 942 |
_cBK _2ddc |
||
| 999 |
_c212582 _d212582 |
||
| 999 | _bsi | ||